| 000 | 01042cam a2200289 a 4500 | ||
|---|---|---|---|
| 005 | 20260322212028.0 | ||
| 008 | data | ||
| 010 | _a 90050846 | ||
| 020 |
_a0873585151 (softcover) : _c{dollar}11.95 |
||
| 020 |
_a9780873585156 (softcover) : _c{dollar}11.95 |
||
| 040 |
_aDLC _cDLC _dDLC |
||
| 042 | _alcac | ||
| 043 | _an-ust-- | ||
| 050 | 0 | 0 |
_aE78.S7 _bG73 1991 |
| 082 | 0 | 0 |
_a398.2/08997079 _220 |
| 092 | _a398.2 G73 1991 | ||
| 100 | 1 | _aGrammer, Maurine. | |
| 245 | 1 | 4 |
_aThe bear that turned white : _band other native tales / _cMaurine Grammer & Joe Herrera. |
| 250 | _a1st ed. | ||
| 260 |
_aFlagstaff, Ariz. : _bNorthland Pub., _cc1991. |
||
| 300 |
_axiii, 89 p. : _bill. ; _c19 cm. |
||
| 520 | _aA collection of seventeen Native American tales gathered from the tribes of the American Southwest, including the Pueblo, Apache, Hopi, and Navajo. | ||
| 650 | 0 |
_aIndians of North America _zSouthwest, New _xFolklore. |
|
| 650 | 1 |
_aIndians of North America _zSouthwest, New _xFolklore. |
|
| 700 | 1 |
_aHerrera, Joe, _d1923- _eill. |
|
| 001 | data | ||
| 999 |
_c647 _d647 |
||